000 00399nam a22001337a 4500
005 20260320115214.0
008 260320b |||||||| |||| 00| 0 eng d
040 _cFLL
041 _2eng
_aeng
100 _aBrajesh Nandan
_91132640
245 _aCriminal Procedure (Identification) Act, 2022
_bA Comparative Analysis in India, UK and USA
260 _aDU
_bFaculty of Law
_c2023
942 _2CC
_cDIS
999 _c1715819
_d1715819